[Event "BCF-chT3b 0001 (4NCL)"]
[Site "Birmingham"]
[Date "2001.03.17"]
[Round "7.4"]
[White "Teran, Carlos"]
[Black "Trevelyan, John"]
[Result "0-1"]
[WhiteElo "1904"]
[BlackElo "2145"]
[PlyCount "84"]
[EventDate "2000.11.26"]
[EventType "team-tourn"]
[EventRounds "7"]
[EventCountry "ENG"]
[SourceTitle "EXT 2002"]
[Source "ChessBase"]
[SourceDate "2001.11.25"]
[SourceVersion "1"]
[SourceVersionDate "2001.11.25"]
[SourceQuality "1"]
[WhiteTeam "BCCA II"]
[BlackTeam "Nidum Knights"]
[WhiteTeamCountry "ENG"]
[BlackTeamCountry "ENG"]

1. Nf3 d6 2. d4 Nd7 3. c4 e5 4. Nc3 Ngf6 5. e4 Be7 6. Be2 0-0 7. 0-0 c6 8. Qc2 Re8 9. Rd1 Qc7 10. b4 Nf8 11. d5 a6 12. Ba3 cxd5 13. cxd5 Nxe4 14. Rac1 Nxc3 15. Qxc3 Qxc3 16. Rxc3 Bd7 17. Rc7 Rab8 18. Nd2 Rec8 19. Rdc1 Bg5 20. Rxc8 Bxc8 21. Rd1 b5 22. Ne4 Be7 23. Bb2 Bf5 24. Nc5 dxc5 25. d6 Bf6 26. bxc5 Bd7 27. Bf3 Rc8 28. Ba3 Bc6 29. Bg4 Nd7 30. Bb4 g6 31. Ba5 Bd8 32. Bc3 f5 33. Be2 Bb7 34. Bb4 Nxc5 35. h3 Ne6 36. a3 a5 37. Bd2 Nd4 38. Rf1 Rc6 39. Be3 Rxd6 40. Rc1 b4 41. Bc4+ Kg7 42. axb4 axb4 0-1